[Event "TuS Makkabi Berlin-SK 1926 Ettlingen"]
[Site "?"]
[Date "2009.12.29"]
[Round "5.1"]
[White "Volz, Alexander"]
[Black "Lerch, Philipp"]
[Result "1/2-1/2"]
[WhiteElo "1768"]
[BlackElo "1903"]
[PlyCount "78"]
[EventDate "2009.??.??"]
[WhiteTeam "SK 1926 Ettlingen"]
[BlackTeam "TuS Makkabi Berlin"]

1. e4 c5 2. Nf3 Nc6 3. d4 cxd4 4. Nxd4 Nf6 5. Nc3 e5 6. Ndb5 d6 7. Bg5 a6 8.
Na3 b5 9. Nd5 Be7 10. Bxf6 Bxf6 11. c3 Ne7 12. Nxe7 Qxe7 13. Nc2 Bg5 14. Nb4
Bb7 15. Nd5 Bxd5 16. Qxd5 O-O 17. Be2 Rac8 18. Rd1 Rfd8 19. O-O Rc5 20. Qb3 Qd7
21. Rd5 Qc6 22. Rfd1 Be7 23. Rxc5 Qxc5 24. Qd5 Qb6 25. c4 b4 26. b3 Rc8 27. Qd3
Rc5 28. Qc2 a5 29. Qd3 Qa7 30. Qc2 g6 31. Rd5 Rxd5 32. cxd5 Qd4 33. g3 Bf8 34.
Kg2 Qa1 35. f3 Bh6 36. Kf2 Qh1 37. Qc8+ Kg7 38. Qh3 Bd2 39. Bf1 Bc3 1/2-1/2

[Event "TuS Makkabi Berlin-SK 1926 Ettlingen"]
[Site "?"]
[Date "2009.12.29"]
[Round "5.2"]
[White "Sawlin, Leonid"]
[Black "Imgrunt, Philipp"]
[Result "1-0"]
[WhiteElo "1785"]
[BlackElo "1548"]
[PlyCount "69"]
[EventDate "2009.??.??"]
[WhiteTeam "TuS Makkabi Berlin"]
[BlackTeam "SK 1926 Ettlingen"]

1. e4 e6 2. d4 d5 3. Nc3 Bb4 4. e5 c5 5. a3 cxd4 6. axb4 dxc3 7. b5 Ne7 8. Qg4
Ng6 9. Qd4 Nd7 10. Nf3 Qc7 11. bxc3 Ndxe5 12. Nxe5 Qxe5+ 13. Be3 a6 14. Qc5 Ne7
15. bxa6 O-O 16. Bd3 Ng6 17. a7 f5 18. Qd4 Qxd4 19. cxd4 f4 20. Bd2 Nh4 21. O-O
f3 22. g3 Nf5 23. c3 h5 24. Bf4 h4 25. Bb5 hxg3 26. fxg3 Nh4 27. Bd6 f2+ 28.
Kh1 Rf7 29. gxh4 e5 30. Kg2 exd4 31. cxd4 Rf6 32. Be5 Rg6+ 33. Kxf2 Bh3 34. Rg1
Rf8+ 35. Ke3 1-0

[Event "TuS Makkabi Berlin-SK 1926 Ettlingen"]
[Site "?"]
[Date "2009.12.29"]
[Round "5.3"]
[White "Reiß, Michael"]
[Black "Lagunow, Raphael"]
[Result "0-1"]
[WhiteElo "1563"]
[BlackElo "1646"]
[PlyCount "116"]
[EventDate "2009.??.??"]
[WhiteTeam "SK 1926 Ettlingen"]
[BlackTeam "TuS Makkabi Berlin"]

1. e4 {[%emt 0:00:00]} c5 {[%emt 0:00:01]} 2. Nf3 e6 3. d4 cxd4 4. Nxd4 Qb6 5.
Nc3 Bc5 6. Be3 Nc6 7. Nxc6 Bxe3 8. fxe3 Qxe3+ 9. Be2 bxc6 10. Qd3 Qxd3 11. Bxd3
d5 12. O-O-O Ne7 13. exd5 cxd5 14. Bb5+ Bd7 15. Bxd7+ Kxd7 16. Rhf1 Nf5 17. Kd2
Ke7 18. Rde1 Kd6 19. g4 Nh6 20. h3 Rab8 21. b3 f6 22. Ne2 e5 23. Ng3 Rhf8 24.
Nf5+ Nxf5 25. Rxf5 g6 26. Rf2 f5 27. Rc1 fxg4 28. Rxf8 Rxf8 29. hxg4 d4 30. Rh1
Rf7 31. a4 Kd5 32. c4+ Kc5 33. Re1 Re7 34. Re4 Kd6 35. b4 Rf7 36. a5 Rf4 37.
Kd3 Rxe4 38. Kxe4 h5 39. c5+ Kc6 40. gxh5 gxh5 41. Kd3 h4 42. Kc4 h3 43. b5+
Kc7 44. c6 h2 45. Kc5 h1=Q 46. b6+ axb6+ 47. axb6+ Kb8 48. b7 Kc7 49. b8=Q+
Kxb8 50. c7+ Kxc7 51. Kc4 Kc6 52. Kd3 Kd5 53. Kd2 Qf1 54. Kc2 d3+ 55. Kd2 Qe2+
56. Kc3 d2 57. Kc2 d1=Q+ 58. Kc3 Qed2# 0-1

[Event "TuS Makkabi Berlin-SK 1926 Ettlingen"]
[Site "?"]
[Date "2009.12.29"]
[Round "5.4"]
[White "Lagunow, Elina"]
[Black "Jülg, Julian"]
[Result "1-0"]
[WhiteElo "1607"]
[BlackElo "1065"]
[PlyCount "73"]
[EventDate "2009.??.??"]
[WhiteTeam "TuS Makkabi Berlin"]
[BlackTeam "SK 1926 Ettlingen"]

1. e4 e5 2. Nf3 Nc6 3. Bc4 Bc5 4. c3 Nf6 5. d4 exd4 6. cxd4 Bb4+ 7. Bd2 Bxd2+
8. Nbxd2 d6 9. O-O O-O 10. Re1 Re8 11. a3 a6 12. Qc2 Bd7 13. Rad1 Bg4 14. Rc1
Qd7 15. Bd3 g6 16. d5 Ne5 17. Nxe5 Rxe5 18. f3 Bh5 19. Rf1 g5 20. Qxc7 Re7 21.
Qc3 Kg7 22. Nc4 Qc7 23. Qb4 Qc5+ 24. Qxc5 dxc5 25. Nb6 Rae8 26. Rxc5 Nd7 27.
Nxd7 Rxd7 28. Rfc1 Ree7 29. b4 b5 30. a4 bxa4 31. Ra1 Ra7 32. Rxa4 f6 33. Rxa6
Rab7 34. b5 Be8 35. b6 Kf7 36. Bc4 Kg6 37. d6 1-0

[Event "TuS Makkabi Frankfurt a. M.-BSG Chemie L"]
[Site "?"]
[Date "2009.12.29"]
[Round "5.1"]
[White "Schmücker, Felix"]
[Black "Baskin, Robert"]
[Result "1-0"]
[WhiteElo "1745"]
[BlackElo "1775"]
[PlyCount "143"]
[EventDate "2009.??.??"]
[WhiteTeam "BSG Chemie Leipzig"]
[BlackTeam "TuS Makkabi Frankfurt a. M."]

1. e4 e6 2. d4 d5 3. Nc3 Bb4 4. e5 c5 5. a3 Bxc3+ 6. bxc3 Ne7 7. Nf3 O-O 8. Bd3
h6 9. h4 c4 10. Be2 Bd7 11. O-O Ba4 12. h5 Nbc6 13. Nh2 Qa5 14. Bd2 Kh7 15. Ng4
Nf5 16. Re1 Rh8 17. g3 Kg8 18. Bf3 Nce7 19. Ra2 Rc8 20. Ne3 Nxe3 21. fxe3 Nf5
22. Kg2 Bc6 23. Rf1 Qd8 24. Bg4 Ne7 25. Qf3 Qe8 26. a4 Bd7 27. a5 Rd8 28. Bc1
Nf5 29. Bxf5 exf5 30. Ba3 Be6 31. Bc5 a6 32. Rb1 Rd7 33. Rab2 Qc8 34. Rb6 Kh7
35. Bd6 Re8 36. R1b2 Qa8 37. Qd1 Qd8 38. Kf2 Kg8 39. Qa1 Qc8 40. Qa3 Kh7 41.
Qc5 Kg8 42. Qxc8 Rxc8 43. Rxb7 Rxb7 44. Rxb7 Rc6 45. Ra7 Kh7 46. Bc5 Kg8 47.
Bb6 Bc8 48. Ra8 Kh7 49. g4 g6 50. gxf5 gxf5 51. Kg3 Kg8 52. Kf4 Kg7 53. e6 Bxe6
54. Rxa6 Bc8 55. Ra8 Kf6 56. a6 Rxb6 57. Rxc8 Rxa6 58. Rd8 Re6 59. Rxd5 Re4+
60. Kf3 Rh4 61. Rd6+ Kg5 62. Rc6 Rh2 63. Rxc4 Rxc2 64. d5 Kf6 65. Rc6+ Ke5 66.
c4 f6 67. d6 Ke6 68. c5 Kd7 69. Rc7+ Kd8 70. e4 fxe4+ 71. Kxe4 Rd2 72. Rf7 1-0

[Event "TuS Makkabi Frankfurt a. M.-BSG Chemie L"]
[Site "?"]
[Date "2009.12.29"]
[Round "5.2"]
[White "Mager, Denis"]
[Black "Richter, Leonard"]
[Result "0-1"]
[WhiteElo "1648"]
[BlackElo "1650"]
[PlyCount "114"]
[EventDate "2009.??.??"]
[WhiteTeam "TuS Makkabi Frankfurt a. M."]
[BlackTeam "BSG Chemie Leipzig"]

1. Nf3 c5 2. c4 g6 3. e3 Bg7 4. Nc3 Nc6 5. d4 cxd4 6. exd4 d6 7. Be3 Nf6 8. Be2
O-O 9. O-O d5 10. b3 b6 11. Rc1 Bb7 12. Qd2 e6 13. cxd5 Nxd5 14. Nxd5 Qxd5 15.
Bc4 Qd7 16. d5 exd5 17. Bxd5 Ne5 18. Bxb7 Qxb7 19. Nxe5 Bxe5 20. Rfd1 Rac8 21.
h3 Qe7 22. Bf4 Bxf4 23. Qxf4 Rxc1 24. Qxc1 Re8 25. Qd2 Qe2 26. a4 Qxd2 27. Rxd2
Re1+ 28. Kh2 Rb1 29. Rd3 Kg7 30. Kg3 Kf6 31. Kf4 Rb2 32. Ke3 Ke5 33. f4+ Ke6
34. Kf3 h6 35. h4 f6 36. g3 f5 37. Ke3 a6 38. Kf3 Rc2 39. Ke3 Rc5 40. b4 Rc4
41. Rd4 Rc3+ 42. Kf2 Ra3 43. a5 bxa5 44. bxa5 Rxa5 45. Rb4 Rb5 46. Ra4 a5 47.
Ke2 Rd5 48. Ra1 Kd6 49. h5 gxh5 50. Rh1 a4 51. Rxh5 a3 52. Rh1 Kc5 53. Ra1 Kb4
54. Rb1+ Kc3 55. Rb8 a2 56. Ra8 Kb3 57. Ke3 Rb5 0-1

[Event "TuS Makkabi Frankfurt a. M.-BSG Chemie L"]
[Site "?"]
[Date "2009.12.29"]
[Round "5.3"]
[White "Paschold, Gerry"]
[Black "Greif, Gavin"]
[Result "1/2-1/2"]
[WhiteElo "1358"]
[BlackElo "1346"]
[PlyCount "38"]
[EventDate "2009.??.??"]
[WhiteTeam "BSG Chemie Leipzig"]
[BlackTeam "TuS Makkabi Frankfurt a. M."]

1. e4 e5 2. Nf3 Nc6 3. d4 exd4 4. Bc4 d6 5. Nxd4 Nxd4 6. Qxd4 Nf6 7. Nc3 Be7 8.
O-O O-O 9. Be3 Be6 10. Nd5 Nxd5 11. Bxd5 Bf6 12. Qb4 Bxd5 13. exd5 b6 14. Bd4
Be5 15. Qc3 Re8 16. g3 Bxd4 17. Qxd4 Re2 18. Qc3 Qd7 19. Rfe1 Rae8 1/2-1/2

[Event "TuS Makkabi Frankfurt a. M.-BSG Chemie L"]
[Site "?"]
[Date "2009.12.29"]
[Round "5.4"]
[White "Paulsen, Alexej"]
[Black "Angrick, Philipp"]
[Result "1-0"]
[WhiteElo "1411"]
[BlackElo "1363"]
[PlyCount "119"]
[EventDate "2009.??.??"]
[WhiteTeam "TuS Makkabi Frankfurt a. M."]
[BlackTeam "BSG Chemie Leipzig"]

1. e4 e5 2. Nf3 Nc6 3. Bb5 a6 4. Ba4 Nf6 5. d3 b5 6. Bb3 Be7 7. O-O O-O 8. Nbd2
d6 9. c3 Na5 10. Bc2 c5 11. Re1 Qb6 12. Nf1 Bb7 13. Ng3 Nc6 14. Nf5 Rfe8 15.
Ng3 a5 16. Be3 Ng4 17. Qd2 b4 18. Rab1 a4 19. a3 Qa5 20. h3 Nf6 21. c4 bxa3 22.
bxa3 Qxd2 23. Bxd2 Bc8 24. Nf1 Nd4 25. Ne3 Nxf3+ 26. gxf3 Bxh3 27. Nd5 Nxd5 28.
cxd5 f5 29. Kh2 fxe4 30. Kxh3 Rf8 31. fxe4 Rxf2 32. Rbd1 Bd8 33. Rf1 Re2 34.
Kg3 Bg5 35. Bxg5 Rxc2 36. Be7 Rc3 37. Bxd6 Re8 38. Kf3 Rxa3 39. Bxc5 Rc3 40.
Bd6 h5 41. Ke3 g6 42. Ra1 Kh7 43. Rxa4 Kh6 44. Bb4 Rb3 45. Bd2 h4 46. Ra7 Rh8
47. Rg1 Kh5 48. Ke2 h3 49. Raa1 Rbb8 50. Rh1 Kh4 51. Rag1 g5 52. Bxg5+ Kh5 53.
Rxh3+ Kg6 54. Bd8+ Kf7 55. Rxh8 Rb2+ 56. Ke3 Re2+ 57. Kf3 Rf2+ 58. Kg4 Rf5 59.
exf5 Kg7 60. Rgh1 1-0

[Event "TuS Coswig-USV Volksbank Halle"]
[Site "?"]
[Date "2009.12.29"]
[Round "5.1"]
[White "Schulte, Felix"]
[Black "Kieslich, Aaron"]
[Result "1-0"]
[WhiteElo "1407"]
[BlackElo "1700"]
[PlyCount "65"]
[EventDate "2009.??.??"]
[WhiteTeam "USV Volksbank Halle"]
[BlackTeam "TuS Coswig"]

1. e4 c5 2. Nf3 Nc6 3. d4 cxd4 4. Nxd4 Nf6 5. Nc3 e5 6. Ndb5 d6 7. Bg5 a6 8.
Bxf6 gxf6 9. Na3 b5 10. Nd5 f5 11. exf5 Bxf5 12. Qf3 Nd4 13. Nc7+ Kd7 14. Qxa8
Qxa8 15. Nxa8 b4 16. Nc4 Nxc2+ 17. Kd2 Bh6+ 18. Ne3 Bxe3+ 19. fxe3 Nxa1 20.
Bxa6 Rxa8 21. Bb5+ Kc7 22. Rxa1 Be6 23. a3 bxa3 24. bxa3 Kb6 25. Bd3 h6 26. Kc3
Kc5 27. a4 Bd7 28. Kb3 Rb8+ 29. Kc3 Ra8 30. a5 Ra7 31. a6 Bb5 32. Ra5 Rxa6 33.
Rxa6 1-0

[Event "TuS Coswig-USV Volksbank Halle"]
[Site "?"]
[Date "2009.12.29"]
[Round "5.2"]
[White "Linnemann, Niklas"]
[Black "Altstadt, Karl-Simon"]
[Result "1-0"]
[WhiteElo "1577"]
[BlackElo "1349"]
[PlyCount "69"]
[EventDate "2009.??.??"]
[WhiteTeam "TuS Coswig"]
[BlackTeam "USV Volksbank Halle"]

1. e4 d6 2. d4 Nf6 3. Nc3 g6 4. Nf3 Bg7 5. Be2 O-O 6. O-O Nbd7 7. h3 c5 8. d5
a6 9. Be3 b5 10. Nd2 b4 11. Na4 Qa5 12. b3 Ne8 13. Rb1 Nc7 14. Nc4 Qb5 15. Ncb6
Qa5 16. Nxa8 Nxa8 17. Bd2 Nab6 18. Nxb6 Nxb6 19. a4 f5 20. exf5 Bxf5 21. Bf3
Rb8 22. Re1 Bf6 23. Bf4 c4 24. g4 Bd7 25. g5 Bg7 26. Rxe7 Bf8 27. Re2 Bxh3 28.
Qd2 c3 29. Qd1 Be7 30. Rxe7 Rf8 31. Qd4 Rf7 32. Rxf7 Kxf7 33. Qf6+ Kg8 34. Re1
Bd7 35. Re7 1-0

[Event "TuS Coswig-USV Volksbank Halle"]
[Site "?"]
[Date "2009.12.29"]
[Round "5.3"]
[White "Geyer, Hannes"]
[Black "Marek, Moritz"]
[Result "1/2-1/2"]
[WhiteElo "1209"]
[BlackElo "1298"]
[PlyCount "77"]
[EventDate "2009.??.??"]
[WhiteTeam "USV Volksbank Halle"]
[BlackTeam "TuS Coswig"]

1. e4 d5 2. exd5 Qxd5 3. Nc3 Qa5 4. Nge2 c6 5. g3 Bg4 6. Bg2 Nf6 7. d3 e6 8.
Bd2 Qc7 9. O-O Nbd7 10. Ne4 Nxe4 11. dxe4 e5 12. f3 Bh5 13. Qc1 Bd6 14. Nc3 f6
15. f4 O-O 16. Rb1 Rad8 17. b4 b5 18. a4 a6 19. axb5 axb5 20. Nd1 Bxd1 21. Qxd1
Nb6 22. Qg4 Nc4 23. Bc1 Qa7+ 24. Kh1 Ne3 25. Bxe3 Qxe3 26. fxe5 Bxe5 27. Qe6+
Kh8 28. Qb3 Qxb3 29. Rxb3 h6 30. g4 Rc8 31. h4 c5 32. c3 c4 33. Ra3 Ra8 34.
Rxa8 Rxa8 35. Rf5 Ra3 36. g5 hxg5 37. hxg5 Rxc3 38. gxf6 gxf6 39. Rf1 1/2-1/2

[Event "TuS Coswig-USV Volksbank Halle"]
[Site "?"]
[Date "2009.12.29"]
[Round "5.4"]
[White "Zschuppe, Ludwig"]
[Black "Niggl, Michael"]
[Result "1-0"]
[WhiteElo "1118"]
[BlackElo "1094"]
[PlyCount "61"]
[EventDate "2009.??.??"]
[WhiteTeam "TuS Coswig"]
[BlackTeam "USV Volksbank Halle"]

1. e4 c5 2. Nf3 a6 3. d4 cxd4 4. Nxd4 Nf6 5. Nc3 e5 6. Nb3 d6 7. f3 Be6 8. Be3
Be7 9. Qd2 d5 10. exd5 Nxd5 11. Nxd5 Qxd5 12. Qxd5 Bxd5 13. O-O-O Be6 14. Kb1
O-O 15. Nc5 Bxc5 16. Bxc5 Rc8 17. Be3 Nc6 18. a3 Rab8 19. Bb6 Ne7 20. Be2 Nd5
21. Bf2 a5 22. Rd2 Rd8 23. Rhd1 b5 24. Bg3 Rd7 25. c3 Rbd8 26. Kc1 h6 27. Bxb5
Rb7 28. Bc6 Rc7 29. Bxd5 Rcd7 30. Bxe6 Rxd2 31. Bxf7+ 1-0

[Event "USV TU Dresden-Hamburger SK"]
[Site "?"]
[Date "2009.12.29"]
[Round "5.1"]
[White "Gröning, Finn Jonathan"]
[Black "Scholz, Robert"]
[Result "1-0"]
[WhiteElo "1731"]
[BlackElo "1561"]
[PlyCount "133"]
[EventDate "2009.??.??"]
[WhiteTeam "Hamburger SK"]
[BlackTeam "USV TU Dresden"]

1. e4 e5 2. Nf3 Nc6 3. Bb5 a6 4. Bxc6 dxc6 5. O-O Bg4 6. h3 h5 7. d3 Qf6 8.
Nbd2 Ne7 9. Nc4 Ng6 10. hxg4 hxg4 11. Bg5 Qe6 12. Nh2 Rh5 13. Be3 b5 14. Na5
Nf4 15. Bxf4 exf4 16. Nxg4 O-O-O 17. Nb3 c5 18. Qf3 Rh4 19. Qxf4 Rxg4 20. Qf5
Qxf5 21. exf5 Bd6 22. g3 Rg5 23. f6 g6 24. Nd2 Rd5 25. Ne4 Kb7 26. Kg2 Kb6 27.
Rh1 Be5 28. Rab1 c4 29. dxc4 bxc4 30. f4 Bd4 31. Rh7 R5d7 32. Kf3 Kc6 33. c3
Bc5 34. Ng5 Rf8 35. Kg4 Bb6 36. b4 cxb3 37. axb3 Rd3 38. c4 Rd7 39. b4 Bf2 40.
b5+ axb5 41. cxb5+ Kb6 42. Kf3 Bc5 43. Kg4 Bf2 44. Rb2 Bc5 45. Rc2 Bd6 46. Rb2
Kb7 47. Rd2 Kc8 48. Ne4 Bb4 49. Rxd7 Kxd7 50. f5 gxf5+ 51. Kxf5 Bd6 52. g4 Kd8
53. Nxd6 cxd6 54. Ke4 Kc8 55. Kd5 Kc7 56. b6+ Kxb6 57. Kxd6 Rg8 58. Rg7 Re8 59.
Rxf7 Re1 60. g5 Rd1+ 61. Ke7 Re1+ 62. Kf8 Ra1 63. Kg7 Kc6 64. Re7 Kd6 65. f7
Rg1 66. f8=Q Rxg5+ 67. Kh6 1-0

[Event "USV TU Dresden-Hamburger SK"]
[Site "?"]
[Date "2009.12.29"]
[Round "5.2"]
[White "Thamm, Merlin Jannes"]
[Black "Sander, Jean Louis"]
[Result "0-1"]
[WhiteElo "1546"]
[BlackElo "1652"]
[PlyCount "174"]
[EventDate "2009.??.??"]
[WhiteTeam "USV TU Dresden"]
[BlackTeam "Hamburger SK"]

1. e4 c5 2. Nf3 d6 3. d4 cxd4 4. Nxd4 Nf6 5. Nc3 a6 6. Bd3 e5 7. Nde2 Be6 8.
Bg5 Be7 9. Bxf6 Bxf6 10. O-O O-O 11. Kh1 Be7 12. f4 b5 13. f5 Bc8 14. Nd5 Bb7
15. Nec3 Nd7 16. Qh5 Nf6 17. Nxf6+ Bxf6 18. Rae1 b4 19. Nd1 d5 20. exd5 Bxd5
21. Nf2 Kh8 22. Ne4 Qb6 23. Nxf6 gxf6 24. Be4 Qc6 25. Bxd5 Qxd5 26. Qh6 Qd6 27.
Re3 Rg8 28. Rd3 Qc6 29. Rf2 Rg7 30. Rg3 Rag8 31. Rxg7 Rxg7 32. Rd2 Rg8 33. Qh4
a5 34. Qh5 Qe4 35. Re2 Qf4 36. Re1 Qf2 37. Rg1 Qxc2 38. Qxf7 Qxf5 39. Qd5 Qf2
40. Qxa5 Qxb2 41. Qb6 e4 42. Qe3 Qxa2 43. Qxe4 Qb2 44. Rb1 Qd2 45. Qc6 Qc3 46.
Qxc3 bxc3 47. Rc1 Rc8 48. Kg1 Kg7 49. Kf2 Kg6 50. Kf3 c2 51. Kg4 h5+ 52. Kf4 f5
53. Ke3 Kg5 54. Kd2 Kf4 55. Rf1+ Kg4 56. Kc1 h4 57. Rf2 Rc5 58. Rf3 Rc6 59. Rf2
Rc3 60. Rf1 f4 61. Rf2 f3 62. gxf3+ Rxf3 63. Rxc2 Rf1+ 64. Kb2 Rh1 65. Rc4+ Kh3
66. Rc3+ Kxh2 67. Rc2+ Kg3 68. Rc3+ Kf4 69. Rc4+ Ke5 70. Rc5+ Kd4 71. Rc2 Rf1
72. Rh2 Rf4 73. Ka2 Ke3 74. Rh3+ Kf2 75. Rh2+ Kg3 76. Rh1 Kg2 77. Rb1 h3 78.
Ka3 h2 79. Rb2+ Rf2 80. Rb4 h1=Q 81. Rg4+ Kf1 82. Rb4 Qa8+ 83. Kb3 Qa2+ 84. Kc3
Qc2+ 85. Kd4 Rf4+ 86. Ke3 Rxb4 87. Kf3 Qc3# 0-1

[Event "USV TU Dresden-Hamburger SK"]
[Site "?"]
[Date "2009.12.29"]
[Round "5.3"]
[White "Kramer, Julian"]
[Black "Heidelberger, Colin"]
[Result "1/2-1/2"]
[WhiteElo "1409"]
[BlackElo "1508"]
[PlyCount "82"]
[EventDate "2009.??.??"]
[WhiteTeam "Hamburger SK"]
[BlackTeam "USV TU Dresden"]

1. e4 e6 2. d4 d5 3. Nc3 Nf6 4. Bg5 Be7 5. e5 Nfd7 6. Bxe7 Qxe7 7. f4 a6 8. Nf3
c5 9. Be2 Nc6 10. Qd2 b5 11. Nd1 O-O 12. c3 Rd8 13. O-O Na5 14. Ne3 Nc4 15.
Bxc4 bxc4 16. f5 f6 17. fxe6 Qxe6 18. exf6 Nxf6 19. Ng5 Qd6 20. Qc2 g6 21. Rae1
Rf8 22. Rf2 Kg7 23. Rfe2 Ra7 24. Nf3 cxd4 25. cxd4 Ne4 26. Nd2 Bf5 27. Nxf5+
gxf5 28. Nxe4 fxe4 29. Rf2 Raf7 30. Ref1 Qg6 31. Qe2 Rxf2 32. Rxf2 Rxf2 33.
Qxf2 Qg4 34. Qe1 Kf7 35. h3 Qg5 36. Qc3 Ke6 37. b3 cxb3 38. axb3 e3 39. Qc6+
Kf7 40. Qd7+ Kg6 41. Qe8+ Kf6 1/2-1/2

[Event "USV TU Dresden-Hamburger SK"]
[Site "?"]
[Date "2009.12.29"]
[Round "5.4"]
[White "Gungl, Theo"]
[Black "Baberz, Alexander"]
[Result "0-1"]
[WhiteElo "1477"]
[BlackElo "1404"]
[PlyCount "82"]
[EventDate "2009.??.??"]
[WhiteTeam "USV TU Dresden"]
[BlackTeam "Hamburger SK"]

1. d4 Nf6 2. c4 e6 3. Nc3 Bb4 4. e3 b6 5. Nf3 Bb7 6. Bd3 Ne4 7. Bxe4 Bxe4 8.
Bd2 Bb7 9. a3 Bxc3 10. Bxc3 d6 11. O-O Nd7 12. Re1 Nf6 13. d5 e5 14. e4 Bc8 15.
Bd2 h6 16. h3 Nd7 17. Qa4 Bb7 18. b4 O-O 19. Rab1 Qe7 20. Qc2 Rfc8 21. Be3 c6
22. Qb3 cxd5 23. cxd5 Nf6 24. Qd3 Rc7 25. Rbc1 Rac8 26. Qb1 Qd7 27. Rxc7 Rxc7
28. Rc1 Qc8 29. Rxc7 Qxc7 30. Bc1 Nxe4 31. Qxe4 Qxc1+ 32. Kh2 Qf4+ 33. Qxf4
exf4 34. Nd4 Bxd5 35. Nb5 Be6 36. Nxd6 Bd7 37. Kg1 Kf8 38. Kf1 Ke7 39. Ne4 Ke6
40. Ke2 Bc6 41. Kf3 Ke5 0-1

[Event "SK Wildeshausen-SC Vaterstetten"]
[Site "?"]
[Date "2009.12.29"]
[Round "5.1"]
[White "Xiong, Ferdinand"]
[Black "Grigorian, Spartak"]
[Result "1-0"]
[WhiteElo "1806"]
[BlackElo "1745"]
[PlyCount "64"]
[EventDate "2009.??.??"]
[WhiteTeam "SC Vaterstetten"]
[BlackTeam "SK Wildeshausen"]

1. e4 c5 2. Nf3 d6 3. d4 cxd4 4. Nxd4 Nf6 5. Nc3 Nc6 6. Be2 e5 7. Nb3 Be7 8.
O-O O-O 9. Be3 Be6 10. Kh1 d5 11. exd5 Nxd5 12. Nxd5 Bxd5 13. f4 exf4 14. Bxf4
Bf6 15. c3 Ne5 16. Nd4 Be4 17. Qa4 Qb6 18. Qb3 Qxb3 19. axb3 a6 20. Nf3 Rfe8
21. Nxe5 Bxe5 22. Bc4 Bxf4 23. Rxf4 Bg6 24. Raf1 Re7 25. Kg1 Rd8 26. Ra1 Rd2
27. Rf2 Rd6 28. Kf1 Kf8 29. Re1 f6 30. Rfe2 Rxe2 31. Bxe2 Rd2 32. Bf3 Rxb2 {
an dieser Stelle machte Schwarz offensichtlich zwei Zuege hintereinander, im
51sten Zug gewann der Weissedennoch} 1-0

[Event "SK Wildeshausen-SC Vaterstetten"]
[Site "?"]
[Date "2009.12.29"]
[Round "5.2"]
[White "Duchow, Julien"]
[Black "Castell, Patrick"]
[Result "1-0"]
[WhiteElo "1515"]
[BlackElo "1374"]
[PlyCount "76"]
[EventDate "2009.??.??"]
[WhiteTeam "SK Wildeshausen"]
[BlackTeam "SC Vaterstetten"]

1. e4 {[%emt 0:00:00]} c5 {[%emt 0:00:00]} 2. Nf3 d6 3. d4 cxd4 4. Nxd4 Nf6 5.
Nc3 g6 6. Be3 Bg7 7. f3 O-O 8. Qd2 Nc6 9. O-O-O Bd7 10. g4 Qa5 11. Nb3 Qc7 12.
h4 Ne5 13. Qf2 Rfc8 14. h5 Be6 15. Nd4 Nexg4 16. fxg4 Bxg4 17. Rd3 Nxh5 18. Nd5
Qd8 19. Qh4 e6 20. Bg5 f6 21. Qxg4 exd5 22. Qe6+ Kh8 23. Be3 Qa5 24. Bh3 Qxa2
25. Ra3 Qc4 26. Rc3 Qxc3 27. bxc3 Rxc3 28. Bd2 Rc4 29. Qxd5 Ra4 30. Nb3 Re8 31.
Re1 Ng3 32. Qxd6 Nxe4 33. Qd7 Rf8 34. Qxa4 Ng5 35. Bxg5 fxg5 36. Re8 Kg8 37.
Be6+ Kh8 38. Rxf8+ Bxf8 1-0

[Event "SK Wildeshausen-SC Vaterstetten"]
[Site "?"]
[Date "2009.12.29"]
[Round "5.3"]
[White "Schackmann, Oliver"]
[Black "Finke, Maurice"]
[Result "0-1"]
[WhiteElo "1138"]
[BlackElo "1411"]
[PlyCount "116"]
[EventDate "2009.??.??"]
[WhiteTeam "SC Vaterstetten"]
[BlackTeam "SK Wildeshausen"]

1. e4 c5 2. Nf3 e6 3. d4 cxd4 4. Nxd4 Nc6 5. Nc3 Qc7 6. Be3 a6 7. Qd2 Nf6 8.
Be2 Bb4 9. f3 d5 10. exd5 Nxd5 11. Nxc6 Bxc3 12. bxc3 Qxc6 13. c4 Nxe3 14. Qxe3
O-O 15. O-O Re8 16. Rfd1 e5 17. Rd2 Be6 18. Qe4 Qxe4 19. fxe4 Rec8 20. Rb1 Rab8
21. Rb4 Rc6 22. Rxb7 Rbc8 23. Ra7 g6 24. Kf1 Rb6 25. c3 Bxc4 26. Bxc4 Rxc4 27.
Rdd7 Rf6+ 28. Ke2 Rxe4+ 29. Kd3 Ra4 30. Re7 Rxa2 31. Rxe5 Rxg2 32. Re2 Rxe2 33.
Kxe2 Rd6 34. Ke3 Kg7 35. c4 Kf6 36. Ke4 Ke6 37. Ke3 h5 38. h4 Kf6 39. Ke4 Ke6
40. Ke3 f5 41. c5 Rc6 42. Kd4 f4 43. Ke4 f3 44. Kxf3 Kd5 45. Rd7+ Kxc5 46. Ke4
Re6+ 47. Kf3 a5 48. Rd8 Ra6 49. Ke3 a4 50. Rd1 Kc4 51. Rd4+ Kc3 52. Rd3+ Kc2
53. Rd2+ Kc1 54. Ra2 Kb1 55. Rd2 a3 56. Ke2 a2 57. Rd1+ Kc2 58. Rd2+ Kc3 0-1

[Event "SK Wildeshausen-SC Vaterstetten"]
[Site "?"]
[Date "2009.12.29"]
[Round "5.4"]
[White "Stukenborg, Rudi"]
[Black "Hilger, Sebastian"]
[Result "1/2-1/2"]
[WhiteElo "1308"]
[BlackElo "1022"]
[PlyCount "152"]
[EventDate "2009.??.??"]
[WhiteTeam "SK Wildeshausen"]
[BlackTeam "SC Vaterstetten"]

1. e4 e5 2. Nf3 Nc6 3. Bb5 Bc5 4. Nxe5 Nxe5 5. d4 Bd6 6. dxe5 Bxe5 7. Nc3 Nf6
8. O-O O-O 9. Bg5 c6 10. Bc4 Qb6 11. Rb1 Qc7 12. h3 d6 13. Ne2 Nxe4 14. Be3 Bf5
15. Nd4 Bg6 16. Nf3 b5 17. Nxe5 dxe5 18. Bb3 a5 19. a4 bxa4 20. Bxa4 Rfd8 21.
Qe2 c5 22. Rfd1 c4 23. c3 Nc5 24. Bc2 Rxd1+ 25. Rxd1 Bxc2 26. Qxc2 Nd3 27. b3
e4 28. Bd4 f6 29. Qa2 cxb3 30. Qxb3+ Kh8 31. Qd5 Re8 32. Qb5 Rb8 33. Qd5 Qb7
34. Qxa5 h6 35. Qf5 Qb5 36. Qxe4 Nc5 37. Bxc5 Qxc5 38. Qd4 Qxd4 39. Rxd4 Rb1+
40. Kh2 Rc1 41. Rd8+ Kh7 42. Rc8 Kg6 43. Kg3 h5 44. f3 Kf5 45. Rc5+ Ke6 46. Kf4
Rc2 47. Rxh5 Rxc3 48. Ra5 Kf7 49. Kg4 Rc2 50. g3 Rc4+ 51. f4 g6 52. Ra7+ Kf8
53. h4 Rc5 54. Ra8+ Kf7 55. Ra7+ Kf8 56. Rb7 Rd5 57. Ra7 Rc5 58. Ra6 Kf7 59.
Ra7+ Kf8 60. Ra8+ Kf7 61. Rb8 Rd5 62. Rb7+ Kf8 63. Rh7 Kg8 64. Ra7 Rc5 65. Ra8+
Kg7 66. Re8 Rd5 67. Re7+ Kg8 68. Re8+ Kg7 69. Ra8 Rc5 70. Ra7+ Kg8 71. Ra6 Kg7
72. Ra7+ Kg8 73. Ra8+ Kg7 74. Ra7+ Kg8 75. Ra8+ Kg7 76. Ra7+ Kg8 1/2-1/2

[Event "SV Medizin Erfurt-SV Motor Eberswalde"]
[Site "?"]
[Date "2009.12.29"]
[Round "5.1"]
[White "Wenzke, Tim"]
[Black "Knorre, Jonas"]
[Result "0-1"]
[WhiteElo "1506"]
[BlackElo "1313"]
[PlyCount "72"]
[EventDate "2009.??.??"]
[WhiteTeam "SV Motor Eberswalde"]
[BlackTeam "SV Medizin Erfurt"]

1. e4 c5 2. Nf3 Nc6 3. d4 cxd4 4. Nxd4 g6 5. Nc3 Bg7 6. Be3 Nf6 7. f3 O-O 8.
Be2 d5 9. Nxc6 bxc6 10. e5 Ne8 11. f4 a5 12. O-O Rb8 13. Rb1 Be6 14. a3 f6 15.
exf6 exf6 16. Bd2 Nd6 17. Kh1 Qe7 18. Bf3 f5 19. g4 Ne4 20. Qc1 Nxd2 21. Qxd2
fxg4 22. Qe2 Qd7 23. Bg2 Bf5 24. Nd1 Rfe8 25. Qd2 Re7 26. b4 Rbe8 27. Nc3 d4
28. Na4 Re2 29. Qc1 Rxc2 30. Qd1 Ree2 31. Nc5 Qe7 32. Re1 Rxe1+ 33. Qxe1 Re2
34. Qxe2 Qxe2 35. Rc1 d3 36. Bf1 d2 0-1

[Event "SV Medizin Erfurt-SV Motor Eberswalde"]
[Site "?"]
[Date "2009.12.29"]
[Round "5.2"]
[White "Lindner, Ferdinand"]
[Black "Tesch, Davy"]
[Result "1/2-1/2"]
[WhiteElo "1413"]
[BlackElo "1303"]
[PlyCount "103"]
[EventDate "2009.??.??"]
[WhiteTeam "SV Medizin Erfurt"]
[BlackTeam "SV Motor Eberswalde"]

1. e4 d5 2. exd5 Qxd5 3. Nc3 Qa5 4. Bc4 Nf6 5. d4 c6 6. h3 Bf5 7. Nf3 e6 8. O-O
Bd6 9. Bd2 Qc7 10. Bb3 O-O 11. Qe2 Nbd7 12. Rfe1 Nd5 13. Nh4 Bg6 14. Nxg6 hxg6
15. Rad1 Kh7 16. Ne4 Bf4 17. Bxf4 Nxf4 18. Qg4 Rh8 19. Ng5+ Kg8 20. g3 Nd5 21.
Bxd5 cxd5 22. Qf3 Nf6 23. Qb3 b6 24. Kg2 Rc8 25. Qa3 Qd7 26. c3 Rc7 27. Nf3 Qe7
28. Qxe7 Rxe7 29. Ne5 Rc7 30. Rc1 b5 31. f3 Kf8 32. Nd3 Nd7 33. Re2 Ke7 34. b3
Rhc8 35. Rec2 Kd6 36. h4 e5 37. dxe5+ Nxe5 38. Nxe5 Kxe5 39. f4+ Kd6 40. Kf3
Ke6 41. Ke3 Kd6 42. Kd4 Re7 43. Kd3 Rce8 44. Rg1 Re3+ 45. Kd2 Re2+ 46. Kd1 Rxc2
47. Kxc2 Re2+ 48. Kb1 a5 49. Rd1 Re4 50. Kb2 Re2+ 51. Kb1 Re4 52. Kb2 1/2-1/2